000 01930cam a22004574i 4500
003 PE-LiUPU
005 20250731173051.0
008 180108s2013 xxu0 r0 000 0 eng d
020 _a9780825425561
035 _a(Sirsi) a240895
040 _aPE-LiUPU
_bspa
_cPE-LiUPU
_erda
049 _aPRUA
082 0 4 _a222.307
_bC558
_223
100 1 _aChisholm, Robert B.,
_eautor.
245 1 2 _aA commentary on Judges and Ruth /
_cRobert B. Chisholm.
264 1 _aGrand Rapids :
_bKregel;
_c2013
300 _a697 páginas ;
_c24 centímetros.
336 _atext
_2rdacontent
337 _aunmediated
_2rdamedia
338 _avolume
_2rdacarrier
490 1 _aKregel exegetical library
505 0 _aJudges. Settling down with the enemy -- Worshipping the enemy's God -- Othniel sets the standard -- Man on a mission -- A hesitant general and a heroic woman -- The Lord wins another victory through a hesitant hero -- Seeds of discord bring a harvest of chaos -- Triumph turns to tragedy -- Samson: lion killer with a sweet tooth -- Idols, a renegade Levite, and a rival cult -- Anarchy engulfs a nation -- Ruth. Sacrificial love on display -- Events take a turn for the better -- A marriage proposal at the threshing floor -- All's well that ends well.
526 _aSEG42
526 _aSEG41
526 _aSEG40
526 _aSEG39
526 _aP94
526 _aP87
526 _aP86
526 _aP85
526 _aP77
526 _aP76
526 _aP35
630 _aBiblia.
_pA.T.
_pJueces
_xComentarios.
630 _aBiblia.
_pA.T.
_pRut
_xComentarios.
910 _adbm
_bksl
_cksl
_d20180108
596 _a1
942 _2ddc
_cBOOK
999 _a222.307 C558
_wLC
_c26589
_i77935
_d26589
_f2021-11-9
_g4
_lCCODEBUL1
_mBUL
_p8.50
_q1
_r0
_sY
_tBOOK
_u2018-1-8
_xTEOLOGIA
_PP85
_0COMPRA
_o.STAFF. Colección Teología
980 _81
_gALBERTO SANCHEZ Responsable de Automatización